000
00306nam a22001337a 4500
008
171006b xxu||||| |||| 00| 0 eng d
020
_a
9781429254328
041
_a
eng
080
_2
3 ED
_a
159.9
100
_a
159.9
101
_a
PSI
245
_a
HOW CHILDREN DEVELOP
_c
SIEGLER.R
942
_2
udc
_c
BK
999
_c
32202
_d
32202